LIBRARY ONLINE CATALOGUE

Biostatistics for medical students / (Record no. 8707)

MARC details
000 -LEADER
fixed length control field 00766nam a22002412 4500
001 - CONTROL NUMBER
control field 0000018905
005 - DATE AND TIME OF LATEST TRANSACTION
control field 20151217152139.0
008 - FIXED-LENGTH DATA ELEMENTS--GENERAL INFORMATION
fixed length control field 100815s xx 000 0 eng d
020 ## - INTERNATIONAL STANDARD BOOK NUMBER
International Standard Book Number 9966447265 :
040 ## - CATALOGING SOURCE
Original cataloging agency KABU
Transcribing agency KABU
100 1# - MAIN ENTRY--PERSONAL NAME
Personal name Lwanga, S. Kaggwa.
-- 0000178377
245 10 - TITLE STATEMENT
Title Biostatistics for medical students /
Statement of responsibility, etc. S. Kaggwa Lwanga.
250 ## - EDITION STATEMENT
Edition statement 1st ed.
260 ## - PUBLICATION, DISTRIBUTION, ETC. (IMPRINT)
Place of publication, distribution, etc. Nairobi :
Name of publisher, distributor, etc. K. L. B.,
Date of publication, distribution, etc. 1975.
300 ## - PHYSICAL DESCRIPTION
Extent viii, 253 p.
650 #0 - SUBJECT ADDED ENTRY--TOPICAL TERM
Topical term or geographic name as entry element Medical statistics.
-- 0000178378
650 #0 - SUBJECT ADDED ENTRY--TOPICAL TERM
Topical term or geographic name as entry element Biometry.
-- 0000155248
852 1# - LOCATION
-- p300 KES
852 1# - LOCATION
-- p300 KES
852 1# - LOCATION
-- p300 KES
908 ## - PUT COMMAND PARAMETER (RLIN)
Put command parameter 100815
950 ## - LOCAL HOLDINGS (RLIN)
-- 1
Holdings
Withdrawn status Lost status Source of classification or shelving scheme Not for loan Home library Current library Date acquired Total Checkouts Total Renewals Full call number Barcode Date last seen Date last checked out Price effective from Koha item type
    Library of Congress Classification   Kabarak, Main Campus Kabarak, Main Campus 17/12/2015 5 1 RA409 .L93 1975 c. 1 24426 25/10/2021 07/10/2021 17/12/2015 General Collection
    Library of Congress Classification   Kabarak, Main Campus Kabarak, Main Campus 17/12/2015 6 3 RA409 .L93 1975 c. 2 24427 07/04/2022 03/04/2022 17/12/2015 General Collection
    Library of Congress Classification   Kabarak, Main Campus Kabarak, Main Campus 17/12/2015 5 2 RA409 .L93 1975 c. 3 24428 16/11/2019 29/10/2019 17/12/2015 General Collection